000 00275nam a22001097a 4500
082 _a200/YAD
100 _aYadav,Atul
_917627
245 _asocial awakening in north india voice of protest
260 _aDelhi
_bNirmal publishing house
_c2020
650 _aReligion
942 _cBK
999 _c69007
_d69007